| 000 | 00766cam a2200241 a 4500 | ||
|---|---|---|---|
| 001 | 4000411 | ||
| 005 | 20240119000858.0 | ||
| 008 | 961008s1997 enk b 001 0 eng | ||
| 020 | _a0415149959 (hc) | ||
| 020 | _a0415149967 (pbk.) | ||
| 020 | _a0415149967 (pbk.) | ||
| 040 |
_aDLC _cDLC _dDLC |
||
| 082 | 0 | 0 |
_a305.5/52 _221 |
| 245 | 0 | 0 |
_aIntellectuals in politics : _bfrom the Dreyfus affair to the Rushdie affair / _cedited by Jeremy Jennings and Anthony Kemp-Welch. |
| 250 | _a1st. | ||
| 260 |
_aLondon ; _aNew York : _bRoutledge, _c1997. |
||
| 300 | _aviii, 304 p. ; | ||
| 650 | 0 | _aIntellectuals | |
| 700 | 1 |
_aJennings, Jeremy, _eedt |
|
| 700 | 2 |
_aKemp-Welch, A., _eedt |
|
| 856 | 4 | 2 | _uhttp://www.loc.gov/catdir/enhancements/fy0649/96047160-d.html |
| 942 | _cL | ||
| 999 |
_c181 _d181 |
||